| 000 | 00588 a2200181 4500 | ||
|---|---|---|---|
| 999 |
_c7525 _d7525 |
||
| 020 | _a9780761955696 | ||
| 050 | _aHF 5415.12 CAS 1997 | ||
| 245 |
_aCases in Marketing/ _cedited by Hanne Hartvig Larsen |
||
| 264 |
_aLondon: _bSage, _c1997 |
||
| 300 | _axi, 205 pages | ||
| 440 | _aEuropean management series. | ||
| 500 | _aincludes bibliography | ||
| 650 | _aMarketing -- Europe -- Case studies. | ||
| 650 | _aBUSINESS & ECONOMICS -- Commerce. | ||
| 650 | _aMarketing -- Europe -- Management -- Case studies. | ||
| 700 | _aLarsen, Hanne Hartvig | ||
| 942 |
_2lcc _cBK _h5415.12 _iCAS _kHF |
||